AVES ACUÁTICAS ASOCIADAS A LOS HUMEDALES DEL RIÓ NEGRO (Registro nro. 20414)

Detalles MARC
000 -CABECERA
Campo de control 00514nam a22001817a 4500
005 - FECHA Y HORA DE LA ULTIMA TRANSACCION
Campo de control 20190227123955.0
008 - ELEMENTOS DE LONGITUD FIJA—INFORMACION GENERAL
Campo de control 190227b xxu||||| |||| 00| 0 spa d
040 ## - FUENTE DE CATALOGACIÓN
Agencia catalogadora original CO-BoIAVH
Agencia transcriptora CO-BoIAVH
041 ## - IDIOMA
Código de idioma para texto/pista de sonido o título separado Español
044 ## - PAÍS DE PUBLICACIÓN
País de publicación Colombia
090 ## - CLASIFICACIÓN LOCAL
Colección FG
Consecutivo 0314
110 ## - ASIENTO PRINCIPAL--NOMBRE CORPORATIVO
Nombre corporativo o de jurisdicción como elemento de entrada CORNARE
9 (RLIN) 15198
245 ## - MENCION DE TITULO
Título AVES ACUÁTICAS ASOCIADAS A LOS HUMEDALES DEL RIÓ NEGRO
Parte restante del título Valle de San Nicolas-Antioquia
260 ## - PUBLICACION, DISTRIBUCION, ETC. (PIE DE IMPRENTA)
Lugar de publicación, distribución, etc. COLOMBIA:
Nombre del editor, distribuidor, etc. CORNARE,
Fecha de publicación, distribución, etc. 2017.
300 ## - DESCRIPCION FISICA
Extensión FOLLETO
Dimensiones 9.5-12cm
710 ## - ASIENTO SECUNDARIO - NOMBRE CORPORATIVO
Nombre corporativo o de jurisdicción como elemento de entrada GUARDIANES
9 (RLIN) 101530
942 ## - ELEMENTOS ADICIONALES (KOHA)
Sistema de clasificación Local
Tipo de ítem Folleto

No hay ítems disponibles.